000 00313nam a2200121Ia 4500
008 220217s9999||||xx |||||||||||||| ||und||
082 _a00 5.73 KOT
100 _aKotur, P B
245 0 _aData structures with C
260 _aShiva book centre
_bBangalore
_c2002
300 _b160
650 _aDATA STRUCTURES
999 _c169945
_d169945